000 00397nam a2200181Ia 4500
005 20250423101159.0
008 250422s9999 xx 000 0 und d
020 _a043590051X
050 _aPR 6064 .G8/
100 _aNgũgĩ wa Thiong
245 4 _aThe black hermit
260 _aUSA
260 _bHeinemann
260 _c2002
300 _a76 p
650 _aKenya--Drama.
942 _cBK
999 _c35536
_d35536